000 00513nam a2200181Ia 4500
008 151018s9999 xx 000 0 und d
082 _bRBASDV30928
_a914.919
100 _aमीना - प्रभू
245 _aदक्षिणरंग
250 _b1
260 _bक्ष
_c1999
300 _a331
600 _aमीना - प्रभू
630 _aदक्षिणरंग
700 _aमीना - प्रभू
730 _aदक्षिणरंग
942 _cBOOK
999 _c1030469
_d1030466